[Event "C.to Regionale Emilia-Romagna"]
[Site "Formigine ITA"]
[Date "2007.05.01"]
[Round "5"]
[White "Solinas, Roberto"]
[Black "Chiarion, Elisa"]
[Result "1/2-1/2"]
[WhiteElo "1673"]
[BlackElo "1769"]
[PlyCount "127"]
[EventDate "2007.04.28"]

1. d4 d5 2. Nf3 Nf6 3. e3 Bg4 4. c4 e6 5. Nc3 c6 6. cxd5 exd5 7. Be2 Nbd7 8.
O-O Bd6 9. h3 Bh5 10. Rb1 a5 11. a3 Qe7 12. Qc2 O-O 13. Ne1 Bg6 14. Bd3 Ne4 15.
Nxe4 dxe4 16. Bc4 Qh4 17. Qe2 Bf5 18. f4 exf3 19. Nxf3 Qg3 20. Bd3 Bxh3 21. Qf2
Qg4 22. Kh1 Nf6 23. gxh3 Qxh3+ 24. Kg1 Qd7 25. e4 Bc7 26. Qg2 Ng4 27. Kh1 Qe6
28. e5 f5 29. Ng5 Qg6 30. Bf4 Rad8 31. Bc4+ Kh8 32. Ne6 Qh5+ 33. Kg1 Bb6 34.
Rbd1 Qf7 35. b3 Qh5 36. Rf3 Ba7 37. Rh3 Qg6 38. Nxf8 Rxf8 39. Be2 Rd8 40. Bxg4
fxg4 41. Rhd3 Qf5 42. Be3 h6 43. R3d2 Qe6 44. Rd3 Rd5 45. Rf1 Kg8 46. Qf2 Qe7
47. Qf5 c5 48. Qxg4 cxd4 49. Bxh6 Kh7 50. Qxg7+ Qxg7+ 51. Bxg7 Kxg7 52. e6 Re5
53. Rg3+ Kh6 54. Kg2 Re2+ 55. Kf3 Re3+ 56. Kg2 Re2+ 57. Rf2 Rxe6 58. Rh3+ Kg5
59. Rg3+ Kh6 60. Rf4 Rg6 61. Rxg6+ Kxg6 62. Kf3 Kg7 63. Ke4 Bc5 64. a4 1/2-1/2

[Event "C.to Regionale Emilia-Romagna"]
[Site "Formigine ITA"]
[Date "2007.05.01"]
[Round "5"]
[White "Vincenzi, Marco"]
[Black "Bocci, Alessandro"]
[Result "1/2-1/2"]
[WhiteElo "2067"]
[BlackElo "1909"]
[PlyCount "111"]
[EventDate "2007.04.28"]

1. e4 c5 2. Nf3 Nc6 3. d4 cxd4 4. Nxd4 Qc7 5. Be2 Nf6 6. Nc3 e6 7. Be3 a6 8.
O-O Bb4 9. Nxc6 bxc6 10. Qd4 c5 11. Qc4 O-O 12. Bf3 Bb7 13. e5 Bxc3 14. bxc3
Nd5 15. Qxc5 Rfc8 16. Qxc7 Rxc7 17. Rab1 Rac8 18. Bd2 Ba8 19. Rb3 Ne7 20. Be2
Bd5 21. Rb6 a5 22. a3 Be4 23. Bd3 Nd5 24. Ra6 Nxc3 25. Rxa5 Bg6 26. g3 Ne4 27.
Be3 Nc5 28. Bxc5 Rxc5 29. Rxc5 Rxc5 30. Rb1 Kf8 31. Bxg6 hxg6 32. Re1 Rxc2 33.
Re3 Ra2 34. g4 g5 35. Kg2 Ke7 36. Kg3 f6 37. f3 fxe5 38. Rxe5 Kf6 39. Re3 d5
40. h4 gxh4+ 41. Kxh4 e5 42. Kg3 g5 43. Rb3 d4 44. Rb6+ Ke7 45. Rb3 Kd6 46.
Rb6+ Kd5 47. Rg6 d3 48. Rxg5 d2 49. Rxe5+ Kc6 50. Re2 d1=Q 51. Rxa2 Qg1+ 52.
Rg2 Qc5 53. a4 Qb4 54. Rh2 Qxa4 55. Rh5 Kd6 56. Rf5 1/2-1/2

[Event "C.to Regionale Emilia-Romagna"]
[Site "Formigine ITA"]
[Date "2007.05.01"]
[Round "6"]
[White "Bertelli, Andrea"]
[Black "Chierici, James"]
[Result "1/2-1/2"]
[WhiteElo "1440"]
[BlackElo "1577"]
[PlyCount "66"]
[EventDate "2007.04.28"]

1. d4 d5 2. Nf3 Nc6 3. c3 Nf6 4. g3 e6 5. Bg2 Be7 6. O-O O-O 7. Bf4 Ne4 8. Nbd2
Nxd2 9. Bxd2 Bf6 10. Re1 Na5 11. b3 b6 12. Bf4 Nb7 13. Qc2 Nd6 14. Nd2 Bb7 15.
f3 Rc8 16. e4 dxe4 17. Nxe4 Nxe4 18. fxe4 Ba8 19. Rad1 Qe7 20. c4 c6 21. d5
cxd5 22. exd5 Qc5+ 23. Be3 Qe7 24. dxe6 Bxg2 25. exf7+ Rxf7 26. Kxg2 Qb7+ 27.
Kg1 Be7 28. Qg2 Qc7 29. Bf4 Bc5+ 30. Kh1 Qc6 31. Rd8+ Rf8 32. Rxf8+ Kxf8 33.
Qxc6 Rxc6 1/2-1/2

[Event "C.to Regionale Emilia-Romagna"]
[Site "Formigine ITA"]
[Date "2007.05.01"]
[Round "6"]
[White "Bianchi, Andrea"]
[Black "Buriani, Andrea"]
[Result "1-0"]
[WhiteElo "2131"]
[BlackElo "2144"]
[PlyCount "61"]
[EventDate "2007.04.28"]

1. e4 e5 2. Nf3 Nc6 3. Bc4 Bc5 4. c3 Nf6 5. d3 d6 6. O-O O-O 7. h3 Bb6 8. Bb3
Be6 9. Re1 Re8 10. Nbd2 Bxb3 11. Qxb3 d5 12. Nf1 dxe4 13. dxe4 Qd3 14. Ng3 Na5
15. Qa4 Qc4 16. Qxc4 Nxc4 17. b3 Nd6 18. Ba3 Nb5 19. Bb2 a5 20. a4 Nd6 21. Ba3
Rad8 22. Rad1 g6 23. c4 c5 24. Bb2 Nc8 25. Bxe5 Nd7 26. Bf4 Nf6 27. e5 Nd7 28.
Ne4 Kg7 29. Bg5 Nxe5 30. Bf6+ Kf8 31. Bxe5 1-0

[Event "C.to Regionale Emilia-Romagna"]
[Site "Formigine ITA"]
[Date "2007.05.01"]
[Round "6"]
[White "Bocci, Alessandro"]
[Black "Chierici, Marianna"]
[Result "1-0"]
[WhiteElo "1909"]
[BlackElo "1996"]
[PlyCount "263"]
[EventDate "2007.04.28"]

1. d4 d6 2. c4 e5 3. dxe5 dxe5 4. Qxd8+ Kxd8 5. Nf3 f6 6. Nc3 Be6 7. b3 c6 8.
Bb2 Nh6 9. g3 Nd7 10. Bg2 Kc7 11. O-O Nf5 12. Ne4 Be7 13. Rfd1 h5 14. h4 Nc5
15. Nfd2 b6 16. Nxc5 Bxc5 17. e3 Rad8 18. Ne4 Be7 19. Rac1 Rxd1+ 20. Rxd1 Rd8
21. Rxd8 Kxd8 22. Kf1 Kc7 23. Ke2 a5 24. Nc3 Bc5 25. Bf3 Bf7 26. Bg2 Bg6 27.
Ne4 Be7 28. Nc3 Nd6 29. Kd2 Nb7 30. Ne4 a4 31. Nc3 Bb4 32. a3 Bxc3+ 33. Kxc3
axb3 34. Kxb3 Bf7 35. f4 exf4 36. gxf4 Na5+ 37. Kc3 Nxc4 38. Bc1 c5 39. e4 Nd6
40. Be3 Nb5+ 41. Kb2 Kd6 42. Bf2 Nd4 43. Bg3 Ne2 44. Bh2 Kc6 45. e5+ Bd5 46.
Bf1 Nd4 47. exf6 gxf6 48. Bd3 Be6 49. Kc3 Bf5 50. Bf1 Be4 51. Bg1 Nf5 52. Bf2
Ne7 53. Bc4 Bd5 54. Be2 Bf7 55. Bf3+ Kb5 56. Be4 Nc8 57. Bd3+ Ka4 58. Kb2 Nd6
59. Be1 f5 60. Bc3 Bg6 61. Be5 Nb7 62. Bc3 Nd8 63. Be5 Nf7 64. Bc7 Ka5 65. Kb3
Nh6 66. Be5 b5 67. Bc7+ Ka6 68. Kc3 Kb7 69. Be5 Kb6 70. Be2 Ng8 71. Bf3 Bf7 72.
Be2 Ne7 73. Bf3 Be8 74. Bf6 Nc8 75. Bd8+ Ka6 76. Bf6 Ka5 77. Be5 Nb6 78. Bc7
Ka6 79. Bd6 Na4+ 80. Kc2 Bf7 81. Be2 Be8 82. Bd3 Bg6 83. Be2 Kb6 84. Bf3 Bf7
85. Be7 Kc7 86. Bf8 Kd7 87. Be2 Kc6 88. Bf3+ Kc7 89. Be2 Kb6 90. Bd3 Bg6 91.
Be2 Ka5 92. Be7 Nb6 93. Bxc5 Nd5 94. Bd6 Ne3+ 95. Kc3 Ng2 96. Bc7+ Ka6 97. Kb4
Be8 98. Bd6 Nxh4 99. a4 Ng2 100. axb5+ Ka7 101. Bf3 Ne1 102. Bd5 h4 103. Ka5
Bxb5 104. Kxb5 h3 105. Bh1 Nd3 106. Kc6 Nc1 107. Bc5+ Kb8 108. Bg1 Kc8 109. Kd6
Kd8 110. Ke6 Ke8 111. Kxf5 Ne2 112. Bh2 Kf7 113. Kg4 Kf6 114. Bf3 Nd4 115. Be4
Ne2 116. Kxh3 Nc3 117. Bc2 Ne2 118. Kg4 Nd4 119. Bb1 Ne2 120. Bg3 Nc3 121. Bh4+
Kg7 122. Bc2 Kh6 123. Bf6 Nd5 124. Bg5+ Kg7 125. Bb1 Nc3 126. Bc2 Nd5 127. f5
Kf8 128. Bd2 Kg7 129. Kg5 Kf8 130. f6 Ke8 131. Bb3 Ne7 132. Bb4 1-0

[Event "C.to Regionale Emilia-Romagna"]
[Site "Formigine ITA"]
[Date "2007.05.01"]
[Round "6"]
[White "Bolognesi, Alberto"]
[Black "Arnetta, Marianna"]
[Result "1/2-1/2"]
[WhiteElo "1789"]
[BlackElo "2039"]
[PlyCount "98"]
[EventDate "2007.04.28"]

1. e4 e6 2. d4 d5 3. Bd3 dxe4 4. Bxe4 Nf6 5. Bd3 c5 6. Nf3 Nc6 7. c3 Be7 8. O-O
Bd7 9. dxc5 Bxc5 10. b4 Be7 11. Nbd2 Rc8 12. Bb2 O-O 13. Rc1 a6 14. a3 e5 15.
h3 Bxh3 16. Bxh7+ Nxh7 17. gxh3 Qd7 18. Kh2 Qf5 19. Qe2 Qf4+ 20. Kg2 Ng5 21. c4
Nd4 22. Bxd4 exd4 23. Qd3 Bf6 24. Rce1 Rfe8 25. Re2 g6 26. Rfe1 Rxe2 27. Rxe2
Kg7 28. Nxg5 Qxg5+ 29. Kh1 Rh8 30. Ne4 Qf4 31. Nxf6 Qxf6 32. Kg2 Rh5 33. Re4
Rh4 34. Kg3 Rxe4 35. Qxe4 Qd6+ 36. Qf4 Qd7 37. Qe5+ f6 38. Qd5 Qc7+ 39. f4 Qe7
40. Qxd4 Qe1+ 41. Qf2 Qc3+ 42. Qf3 Qe1+ 43. Kg2 Qd2+ 44. Kg3 Qe1+ 45. Kh2 Qd2+
46. Kg3 Qe1+ 47. Kg2 Qd2+ 48. Qf2 Qd3 49. Qf3 Qd2+ 1/2-1/2

[Event "C.to Regionale Emilia-Romagna"]
[Site "Formigine ITA"]
[Date "2007.05.01"]
[Round "6"]
[White "Campidelli, Silvio"]
[Black "Gigli, Claudio"]
[Result "1/2-1/2"]
[WhiteElo "1554"]
[BlackElo "1686"]
[PlyCount "41"]
[EventDate "2007.04.28"]

1. e4 e5 2. Nf3 Nc6 3. Bb5 a6 4. Ba4 Nf6 5. O-O b5 6. Bb3 Be7 7. Re1 O-O 8. c3
d5 9. exd5 Nxd5 10. Nxe5 Nxe5 11. Rxe5 c6 12. d3 Bd6 13. Re1 Qh4 14. g3 Qh3 15.
Re4 Be6 16. Rh4 Qf5 17. Bc2 Nf6 18. d4 Qd5 19. Bb3 Qf5 20. Bc2 Qd5 21. Bb3
1/2-1/2

[Event "C.to Regionale Emilia-Romagna"]
[Site "Formigine ITA"]
[Date "2007.05.01"]
[Round "6"]
[White "Chiarion, Elisa"]
[Black "Gaspari, Mauro"]
[Result "1/2-1/2"]
[WhiteElo "1769"]
[BlackElo "1894"]
[PlyCount "152"]
[EventDate "2007.04.28"]

1. e4 d6 2. d4 Nf6 3. Nc3 g6 4. f4 Bg7 5. Nf3 O-O 6. Be2 c6 7. a4 Na6 8. O-O
Nb4 9. a5 Qc7 10. h3 Rd8 11. Be3 Nh5 12. Nh4 Ng3 13. Rf3 Nxe2+ 14. Qxe2 d5 15.
f5 dxe4 16. Nxe4 Nd5 17. Bf2 Nf4 18. Qd2 Nh5 19. fxg6 hxg6 20. Ng5 Rf8 21. Re1
Qd6 22. Qe3 e6 23. c3 Bd7 24. Ne4 Qe7 25. Nc5 b6 26. Nxd7 Qxd7 27. Qg5 Qd8 28.
Qxd8 Rfxd8 29. Be3 Bf6 30. Rxf6 Nxf6 31. Bg5 Kg7 32. Rf1 Ne4 33. Bxd8 Rxd8 34.
axb6 axb6 35. Ra1 Rd7 36. Nf3 f6 37. Re1 f5 38. Ne5 Rc7 39. Ra1 c5 40. Ra6 Rb7
41. Nc4 cxd4 42. cxd4 b5 43. Na5 Rd7 44. Nb3 Rd6 45. Ra5 Rb6 46. Kf1 Kf6 47.
Ke2 Nd6 48. Nd2 e5 49. Kd3 e4+ 50. Kc3 e3 51. Nf3 Nc4 52. Ra1 f4 53. b3 Nd6 54.
d5 Nf5 55. Kb4 Rb8 56. Ra6+ Ke7 57. Rxg6 Ng3 58. h4 Rc8 59. Rc6 Rd8 60. Re6+
Kd7 61. Kxb5 Rb8+ 62. Kc4 Rc8+ 63. Rc6 Rxc6+ 64. dxc6+ Kxc6 65. Kd4 Kd6 66. b4
Ke6 67. b5 e2 68. b6 Nf5+ 69. Ke4 Nxh4 70. Nd4+ Kd6 71. Nxe2 Nxg2 72. Nd4 Kd7
73. Kd5 Ne3+ 74. Kc5 Kc8 75. Kc6 Nc4 76. b7+ Kb8 1/2-1/2

[Event "C.to Regionale Emilia-Romagna"]
[Site "Formigine ITA"]
[Date "2007.05.01"]
[Round "6"]
[White "Cricca, Andrea"]
[Black "Vezzelli, Francesco"]
[Result "0-1"]
[WhiteElo "1698"]
[BlackElo "1561"]
[PlyCount "96"]
[EventDate "2007.04.28"]

1. c4 e5 2. Nc3 f5 3. g3 d6 4. Bg2 Nf6 5. e3 Be7 6. Nge2 Nbd7 7. d4 O-O 8. O-O
Qe8 9. b3 Qg6 10. Bb2 Nh5 11. Nd5 Bd8 12. dxe5 dxe5 13. f4 c6 14. Nb4 a5 15.
Nc2 Bc7 16. Nc3 Qh6 17. Qf3 Nhf6 18. Rad1 e4 19. Qe2 Bb6 20. Na4 Ba7 21. Bd4 c5
22. Bb2 Ng4 23. h3 Ngf6 24. Rd2 Qg6 25. Kh2 b6 26. Rfd1 Qf7 27. Nc3 Bb7 28. Nb5
Bc6 29. Nca3 Bb8 30. Rg1 Rd8 31. g4 Qe6 32. gxf5 Qxf5 33. Qf2 Rf8 34. Qg3 g6
35. h4 Nh5 36. Qg5 Qxg5 37. hxg5 Nxf4 38. exf4 Bxf4+ 39. Kh3 Bxd2 40. Nd6 Bxg5
41. Nxe4 Be3 42. Rd1 Rae8 43. Nd6 Bxg2+ 44. Kxg2 Rf2+ 45. Kg3 Ref8 46. Bc1
R8f3+ 47. Kg4 Ne5+ 48. Kh4 Rh2# 0-1

[Event "C.to Regionale Emilia-Romagna"]
[Site "Formigine ITA"]
[Date "2007.05.01"]
[Round "6"]
[White "Cuccolini, Milo"]
[Black "Fiorentini, Paolo"]
[Result "0-1"]
[WhiteElo "1784"]
[BlackElo "1982"]
[PlyCount "74"]
[EventDate "2007.04.28"]

1. Nf3 d5 2. d4 Nf6 3. e3 Bg4 4. Be2 e6 5. O-O c5 6. c3 Nc6 7. a3 Qc7 8. Qa4
Nd7 9. b4 Nb6 10. Qb3 c4 11. Qc2 Bf5 12. Qd1 Bd6 13. h3 O-O 14. Nh4 a5 15. Nxf5
exf5 16. b5 Ne7 17. a4 Ng6 18. Qc2 Qd7 19. Ba3 Bxa3 20. Rxa3 Rae8 21. Nd2 Nc8
22. Bf3 Qe6 23. Re1 b6 24. Raa1 Nd6 25. Kf1 Ne4 26. Bxe4 fxe4 27. f3 exf3 28.
Nxf3 f5 29. Qf2 f4 30. exf4 Qf5 31. Rxe8 Rxe8 32. Ne5 Nxe5 33. Re1 Qd3+ 34. Qe2
Rf8 35. dxe5 Rxf4+ 36. Kg1 Qxc3 37. e6 Re4 0-1

[Event "C.to Regionale Emilia-Romagna"]
[Site "Formigine ITA"]
[Date "2007.05.01"]
[Round "6"]
[White "De Biaggi, Paolo"]
[Black "Vicari, Luigi"]
[Result "0-1"]
[WhiteElo "1989"]
[BlackElo "2019"]
[PlyCount "42"]
[EventDate "2007.04.28"]

1. e4 c5 2. Nf3 d6 3. d4 cxd4 4. Nxd4 Nf6 5. Nc3 g6 6. Be2 Bg7 7. f4 Nc6 8.
Nxc6 bxc6 9. e5 dxe5 10. Qxd8+ Kxd8 11. fxe5 Nd7 12. e6 fxe6 13. Bf3 Bb7 14.
O-O Rf8 15. Rd1 Kc7 16. Nb5+ cxb5 17. Bxb7 Kxb7 18. Rxd7+ Kc6 19. Rxe7 Bd4+ 20.
Be3 Bxe3+ 21. Kh1 Rf6 0-1

[Event "C.to Regionale Emilia-Romagna"]
[Site "Formigine ITA"]
[Date "2007.05.01"]
[Round "6"]
[White "Lucchi, Sauro"]
[Black "Fiorentini, Davide"]
[Result "0-1"]
[WhiteElo "1356"]
[BlackElo "1494"]
[PlyCount "66"]
[EventDate "2007.04.28"]

1. e4 e5 2. Nf3 Nc6 3. Bc4 Nf6 4. d3 Bc5 5. O-O O-O 6. Bg5 h6 7. Bh4 Be7 8.
Bxf6 Bxf6 9. Bd5 Nb4 10. Bb3 d5 11. exd5 e4 12. a3 Bxb2 13. axb4 Bxa1 14. Nfd2
Bf6 15. dxe4 Re8 16. Ba4 Bd7 17. c3 Bxa4 18. Qxa4 Qd6 19. Re1 Qa6 20. Qc2 c6
21. dxc6 Qxc6 22. Nf3 Rac8 23. Re3 Be7 24. Nd4 Qd7 25. Nd2 Bxb4 26. Qb3 Bc5 27.
Rf3 Bxd4 28. cxd4 Rc1+ 29. Nf1 Rxe4 30. d5 Ree1 31. h3 Rxf1+ 32. Kh2 Qc7+ 33.
d6 Qxd6+ 0-1

[Event "C.to Regionale Emilia-Romagna"]
[Site "Formigine ITA"]
[Date "2007.05.01"]
[Round "6"]
[White "Marani, Luca"]
[Black "Bertocchi, Fulvio"]
[Result "0-1"]
[WhiteElo "1536"]
[BlackElo "1688"]
[PlyCount "56"]
[EventDate "2007.04.28"]

1. e4 e5 2. Nf3 Nc6 3. Bc4 Be7 4. O-O Nf6 5. Re1 O-O 6. c3 d6 7. d4 Bg4 8. h3
Bxf3 9. gxf3 Nh5 10. Kh2 Bg5 11. Bxg5 Qxg5 12. Rg1 Qf4+ 13. Kh1 Qh4 14. Qf1
exd4 15. Rg4 Qf6 16. Qg2 Ne5 17. Rg5 Nf4 18. Qg3 Nxc4 19. Rf5 Ne2 20. Qg4 Ne5
21. Qg2 Qh6 22. Na3 Rae8 23. Nb5 Re6 24. cxd4 Rg6 25. Qh2 Nd3 26. h4 Ndf4 27.
h5 Rg2 28. Qh4 g5 0-1

[Event "C.to Regionale Emilia-Romagna"]
[Site "Formigine ITA"]
[Date "2007.05.01"]
[Round "6"]
[White "Marconcini, Fabio"]
[Black "Ravazzini, Luca"]
[Result "0-1"]
[WhiteElo "1944"]
[BlackElo "1644"]
[PlyCount "78"]
[EventDate "2007.04.28"]

1. e4 e6 2. Nf3 d5 3. exd5 exd5 4. d4 Bd6 5. Bd3 Nf6 6. O-O O-O 7. Bg5 Bg4 8.
Nbd2 h6 9. Bh4 Bf4 10. Be2 Re8 11. h3 Bh5 12. Re1 Nbd7 13. c3 c6 14. b4 Qc7 15.
Bxf6 Nxf6 16. Kh1 Re7 17. g3 Bd6 18. Kg2 Rae8 19. g4 Bg6 20. Kf1 Bh2 21. b5 Qf4
22. bxc6 bxc6 23. Kg2 Nxg4 24. hxg4 Qxg4+ 25. Kxh2 Bf5 26. Kh1 Qh5+ 27. Nh2
Rxe2 28. Rxe2 Rxe2 29. c4 Bg4 30. Kg1 Bh3 31. Ndf1 Qg5+ 32. Ng3 Rd2 33. Qe1 Rd3
34. Nhf1 dxc4 35. Qe8+ Kh7 36. Qxc6 Qg4 37. Kh2 Rf3 38. Qxc4 Rxf2+ 39. Kg1 Qf3
0-1

[Event "C.to Regionale Emilia-Romagna"]
[Site "Formigine ITA"]
[Date "2007.05.01"]
[Round "6"]
[White "Martinello, Christian"]
[Black "Muccini, Marco"]
[Result "1-0"]
[WhiteElo "2051"]
[BlackElo "1899"]
[PlyCount "51"]
[EventDate "2007.04.28"]

1. e4 e5 2. d4 exd4 3. Qxd4 Nc6 4. Qe3 b6 5. Nc3 Bc5 6. Qg3 Nf6 7. Bg5 h6 8.
Bd2 Qe7 9. O-O-O Bd6 10. f4 Bb4 11. Qxg7 Rg8 12. Qxh6 Ng4 13. Qh7 Nf6 14. Qh3
d5 15. Qh4 Bxc3 16. Bxc3 Nxe4 17. Qh7 Rg6 18. Bb5 Bd7 19. Ba6 Rxg2 20. Nf3 f6
21. Qh5+ Qf7 22. Rxd5 Bg4 23. Qh8+ Qf8 24. Qxf8+ Kxf8 25. Nh4 Rf2 26. Bb7 1-0

[Event "C.to Regionale Emilia-Romagna"]
[Site "Formigine ITA"]
[Date "2007.05.01"]
[Round "6"]
[White "Muccini, Maurizio"]
[Black "Grandi, Davide"]
[Result "0-1"]
[WhiteElo "1376"]
[BlackElo "1673"]
[PlyCount "78"]
[EventDate "2007.04.28"]

1. e4 c5 2. Nf3 Nc6 3. Nc3 g6 4. d4 cxd4 5. Nxd4 Bg7 6. Nxc6 bxc6 7. Qd3 d6 8.
Be3 a5 9. f4 Ba6 10. Qd2 Bxf1 11. Rxf1 Nf6 12. O-O-O O-O 13. f5 Rb8 14. Qd3 Ng4
15. h3 Ne5 16. Qe2 Qc7 17. Bd4 Qb7 18. Na4 Qb4 19. b3 Rfc8 20. c3 Bh6+ 21. Be3
Bxe3+ 22. Qxe3 Qa3+ 23. Kb1 Qxa4 24. Qa7 Qxe4+ 25. Ka1 Nd3 26. f6 e6 27. g3 Qe2
28. Rb1 Qe5 29. Qd4 Qxd4 30. cxd4 Nb4 31. Rf2 Nd5 32. g4 g5 33. Rh1 Rb4 34. h4
Rxd4 35. hxg5 Ne3 36. Rfh2 Rd1+ 37. Rxd1 Nxd1 38. g6 hxg6 39. g5 Ne3 0-1

[Event "C.to Regionale Emilia-Romagna"]
[Site "Formigine ITA"]
[Date "2007.05.01"]
[Round "6"]
[White "Occari, Maurizio"]
[Black "Lucchi, Lorenzo"]
[Result "1-0"]
[WhiteElo "1994"]
[BlackElo "1940"]
[PlyCount "69"]
[EventDate "2007.04.28"]

1. e4 d6 2. d4 Nf6 3. Nc3 e5 4. d5 c6 5. Bd3 Qa5 6. Bd2 Qb6 7. Na4 Qc7 8. c4 a6
9. Rc1 c5 10. Ne2 Bd7 11. Nac3 Be7 12. O-O Nh5 13. f4 exf4 14. Nxf4 Nxf4 15.
Bxf4 Bf6 16. Kh1 Bxc3 17. Rxc3 O-O 18. e5 dxe5 19. Bxh7+ Kxh7 20. Qh5+ Kg8 21.
Bxe5 Qb6 22. Rg3 f6 23. Qg6 Rf7 24. Rxf6 Be8 25. h3 Nd7 26. Rxb6 Rf1+ 27. Kh2
Bxg6 28. Rbxg6 Nxe5 29. Rxg7+ Kf8 30. Rg8+ Ke7 31. Rxa8 Nxc4 32. Rg7+ Kd6 33.
Rd8+ Ke5 34. Re7+ Kd4 35. d6 1-0

[Event "C.to Regionale Emilia-Romagna"]
[Site "Formigine ITA"]
[Date "2007.05.01"]
[Round "6"]
[White "Pazzini, Elia"]
[Black "Di Trapani, Davide"]
[Result "1-0"]
[WhiteElo "1731"]
[BlackElo "1565"]
[PlyCount "53"]
[EventDate "2007.04.28"]

1. e4 e5 2. Nf3 Nc6 3. Bb5 a6 4. Ba4 Nf6 5. O-O b5 6. Bb3 Bc5 7. c3 d6 8. d4
exd4 9. cxd4 Bb4 10. Bd2 O-O 11. Bxb4 Nxb4 12. a3 Nc6 13. d5 Ne5 14. Nxe5 dxe5
15. Nc3 Qd6 16. Qe2 b4 17. axb4 Qxb4 18. Qc4 Qxc4 19. Bxc4 a5 20. b4 Ba6 21.
Bxa6 Rxa6 22. Rxa5 Rb6 23. b5 Nd7 24. Ra7 Rc8 25. d6 Rxd6 26. Nd5 Nc5 27. Ne7+
1-0

[Event "C.to Regionale Emilia-Romagna"]
[Site "Formigine ITA"]
[Date "2007.05.01"]
[Round "6"]
[White "Pelliconi, Vanes"]
[Black "Garofalo, Sergio"]
[Result "1-0"]
[WhiteElo "2019"]
[BlackElo "1812"]
[PlyCount "96"]
[EventDate "2007.04.28"]

1. d4 Nf6 2. c4 e5 3. dxe5 Ng4 4. Nf3 Nc6 5. Bf4 Bb4+ 6. Nbd2 Qe7 7. a3 Ngxe5
8. Nxe5 Nxe5 9. e3 Bxd2+ 10. Qxd2 d6 11. Be2 O-O 12. O-O Bd7 13. Rfd1 Rad8 14.
Bg3 Rfe8 15. Qd4 b6 16. Bh4 g5 17. Bg3 Bc8 18. Re1 Bb7 19. Bf1 h5 20. f4 c5 21.
Qd1 h4 22. Bf2 Ng6 23. Qh5 Kg7 24. fxg5 Rh8 25. Qg4 Bc8 26. Qe2 Qxg5 27. Red1
Be6 28. Be1 h3 29. Bc3+ f6 30. g3 Bg4 31. Qf2 Bxd1 32. Rxd1 Ne5 33. Be2 Rhe8
34. Rf1 Re6 35. b3 Rde8 36. Bd1 Nd3 37. Qf3 Qxe3+ 38. Qxe3 Rxe3 39. Rxf6 Re1+
40. Rf1+ R1e5 41. Bc2 Kg8 42. Bxd3 Re3 43. Bg6 R8e7 44. Bf6 R7e6 45. Bg5 Rxg3+
46. hxg3 Rxg6 47. Bf4 Re6 48. Kf2 Re4 1-0

[Event "C.to Regionale Emilia-Romagna"]
[Site "Formigine ITA"]
[Date "2007.05.01"]
[Round "6"]
[White "Piccinini, Samuele"]
[Black "Muccini, Andrea"]
[Result "0-1"]
[WhiteElo "1749"]
[BlackElo "1476"]
[PlyCount "108"]
[EventDate "2007.04.28"]

1. d4 d6 2. c4 Nf6 3. Nc3 Nc6 4. e4 e6 5. Bg5 Be7 6. Nf3 h6 7. Bh4 O-O 8. Be2
Nxe4 9. Bxe7 Nxc3 10. Bxd8 Nxd1 11. Bxc7 Nxb2 12. Bxd6 Rd8 13. Ba3 Na4 14. Rd1
Nc3 15. Rd2 Nb1 16. Rd3 Nxa3 17. Rxa3 Nxd4 18. Nxd4 Rxd4 19. Rd3 Rxd3 20. Bxd3
b6 21. Be4 Rb8 22. Ke2 Ba6 23. Bd3 Rc8 24. Rc1 Rc5 25. h3 Ra5 26. Rc2 Bb7 27.
f3 Ba6 28. Kd2 Kf8 29. Kc3 Ra3+ 30. Kd2 Ke7 31. Be2 Kd6 32. Kc1 Kc5 33. Kb2 Re3
34. a3 f6 35. Bf1 e5 36. Rc3 Rxc3 37. Kxc3 b5 38. cxb5 Bxb5 39. Bxb5 Kxb5 40.
Kd3 Ka4 41. g4 Kxa3 42. Kc3 g6 43. h4 f5 44. gxf5 gxf5 45. h5 e4 46. fxe4 fxe4
47. Kd4 Kb3 48. Kxe4 a5 49. Kf5 a4 50. Kg6 a3 51. Kxh6 a2 52. Kh7 a1=Q 53. h6
Qf6 54. Kg8 Qxh6 0-1

[Event "C.to Regionale Emilia-Romagna"]
[Site "Formigine ITA"]
[Date "2007.05.01"]
[Round "6"]
[White "Quattrini, Massimo"]
[Black "Carrara, Salvatore"]
[Result "0-1"]
[WhiteElo "1718"]
[BlackElo "1812"]
[PlyCount "88"]
[EventDate "2007.04.28"]

1. e4 d6 2. d4 Nf6 3. Nc3 g6 4. Nf3 Bg7 5. Be2 O-O 6. O-O Nbd7 7. Bg5 h6 8. Bf4
c5 9. Qd2 cxd4 10. Nb5 Nxe4 11. Qc1 Kh7 12. Bd3 Nec5 13. Bg3 Qb6 14. Na3 Nxd3
15. cxd3 Nc5 16. Qd2 Bf5 17. Nc4 Qd8 18. Ne1 a5 19. f4 b5 20. Na3 Qb6 21. Bf2
e5 22. Nac2 b4 23. h3 h5 24. Kh1 Bh6 25. Bg3 Ne6 26. Qf2 Bxf4 27. Bxf4 Nxf4 28.
Qh4 Qd8 29. Rxf4 exf4 30. Qxf4 Qd7 31. Nxd4 Be6 32. Nef3 f6 33. Rg1 Bd5 34. g4
g5 35. Qg3 h4 36. Qf2 Qb7 37. Kh2 Bxf3 38. Nxf3 Qd5 39. Nxh4 Qxd3 40. Rd1 Qxd1
41. Qf5+ Kh8 42. Qg6 Qe2+ 43. Kh1 Qe1+ 44. Kh2 Qxh4 0-1

[Event "C.to Regionale Emilia-Romagna"]
[Site "Formigine ITA"]
[Date "2007.05.01"]
[Round "6"]
[White "Salami, Marco"]
[Black "Vincenzi, Marco"]
[Result "1-0"]
[WhiteElo "2218"]
[BlackElo "2067"]
[PlyCount "131"]
[EventDate "2007.04.28"]

1. d4 Nf6 2. Nc3 e6 3. Bg5 Be7 4. Nf3 d5 5. Bxf6 Bxf6 6. e4 dxe4 7. Nxe4 Nd7 8.
Bc4 O-O 9. Qe2 c5 10. Nxf6+ Nxf6 11. Rd1 Qa5+ 12. c3 a6 13. Qe5 b5 14. Bb3 Bb7
15. Qxc5 Bxf3 16. gxf3 Nd5 17. Bxd5 exd5 18. Qxd5 Rfe8+ 19. Kf1 Rad8 20. Qb3
Qb6 21. Qc2 Qe6 22. Kg2 Qxa2 23. Rhe1 Qd5 24. Re4 f5 25. Re2 Kf7 26. Rde1 g6
27. Re5 Rxe5 28. Rxe5 Qc4 29. Qd2 Qc7 30. Qh6 Rh8 31. Qf4 Qb8 32. Qe3 Qd8 33.
Qf4 h6 34. Rc5 Re8 35. Qxh6 Rh8 36. Qf4 Re8 37. Rc7+ Re7 38. Rc6 Re6 39. Qc7+
Qxc7 40. Rxc7+ Kf6 41. f4 g5 42. fxg5+ Kxg5 43. Kf3 Rh6 44. Rg7+ Kf6 45. Ra7
Kg5 46. Ra8 Rh3+ 47. Ke2 Rh6 48. h4+ Kg4 49. h5 Re6+ 50. Kd3 Kf3 51. Rf8 f4 52.
Rf5 Kg4 53. Re5 Rb6 54. Ke4 b4 55. f3+ Kg3 56. Rg5+ Kf2 57. Kxf4 b3 58. Rg6 Rb5
59. Rxa6 Ke2 60. Re6+ Kd2 61. Kg4 Kc1 62. Re2 Ra5 63. h6 Ra6 64. Rh2 Ra2 65. h7
Rxb2 66. Rxb2 1-0

[Event "C.to Regionale Emilia-Romagna"]
[Site "Formigine ITA"]
[Date "2007.05.01"]
[Round "6"]
[White "Salvioli, Alessandro"]
[Black "Solinas, Roberto"]
[Result "1-0"]
[WhiteElo "1524"]
[BlackElo "1673"]
[PlyCount "131"]
[EventDate "2007.04.28"]

1. e4 d6 2. d4 Nf6 3. Nc3 c6 4. Be3 e5 5. dxe5 dxe5 6. Qxd8+ Kxd8 7. Nf3 Bd6 8.
O-O-O Kc7 9. Be2 h6 10. h3 Be6 11. Rhf1 Nbd7 12. Nd2 Bb4 13. Ndb1 g5 14. h4 g4
15. f4 gxf3 16. gxf3 Nh5 17. f4 Nxf4 18. Bxf4 exf4 19. Rxf4 Ne5 20. Bd3 Bc5 21.
Rff1 Rag8 22. Nd2 Ng4 23. Rde1 Bf2 24. Re2 Bxh4 25. Nf3 Bg5+ 26. Kb1 Be7 27.
Nd4 Ne5 28. Nd1 Bg4 29. Ref2 Bc5 30. Rxf7+ Nxf7 31. Rxf7+ Kb8 32. Ne2 Bxe2 33.
Bxe2 Rg1 34. Rf5 Rd8 35. c3 Rdxd1+ 36. Bxd1 Rxd1+ 37. Kc2 Rd8 38. Rxc5 Kc7 39.
Rh5 Rd6 40. e5 Re6 41. Kd3 Kd7 42. Ke4 Ke7 43. Kf5 c5 44. Rh4 b5 45. a4 a6 46.
Ke4 Kd7 47. Kd5 Rc6 48. Rg4 Re6 49. Re4 c4 50. axb5 axb5 51. Kc5 Kc7 52. Re2
Kd7 53. Kxb5 Ke7 54. Kxc4 Kf7 55. Kd5 Rb6 56. b4 h5 57. Kc5 Rh6 58. b5 Ke6 59.
b6 Kd7 60. Rd2+ Kc8 61. Re2 h4 62. e6 h3 63. e7 Rh5+ 64. Kd6 Rh6+ 65. Re6 Kb7
66. Rxh6 1-0

[Event "I Open Franciacorta"]
[Site "Castelli Calepio ITA"]
[Date "2007.04.28"]
[Round "1"]
[White "Acunzo, Domenico"]
[Black "Georgiev, Vladimir"]
[Result "0-1"]
[WhiteElo "1789"]
[BlackElo "2540"]
[PlyCount "52"]
[EventDate "2007.04.28"]

1. e4 e5 2. f4 exf4 3. Nf3 Ne7 4. d4 d5 5. Nc3 dxe4 6. Nxe4 Nd5 7. Bc4 Be7 8.
Qe2 O-O 9. O-O Bg4 10. c3 Nc6 11. Bxd5 Qxd5 12. Bxf4 Rae8 13. Qd3 Bf5 14. Rfe1
Bd6 15. Bxd6 Rxe4 16. Rxe4 Bxe4 17. Qe3 cxd6 18. c4 Qf5 19. Nd2 Bd3 20. Re1 h6
21. b3 Nb4 22. Qg3 Nc2 23. Re7 Nxd4 24. Qe1 Ne6 25. Nf3 Be4 26. Nd2 Bxg2 0-1